|
|
|
|
| LEADER |
00768nab a2200181 i 4500 |
| 001 |
acta40384 |
| 005 |
20260224081030.0 |
| 008 |
170630s1988 hu o 000 hun d |
| 022 |
|
|
|a 0237-7934
|
| 040 |
|
|
|a SZTE Egyetemi Kiadványok Repozitórium
|b hun
|
| 041 |
|
|
|a hun
|
| 100 |
1 |
|
|a Kása Csaba
|
| 245 |
1 |
0 |
|a "Reakciós az, aki antikommunista"
|h [elektronikus dokumentum] :
|b Mindszenty József politikai tevékenysége : 1945-1946 /
|c Kása Csaba
|
| 260 |
|
|
|c 1988
|
| 300 |
|
|
|a 28-50
|
| 490 |
0 |
|
|a Aetas
|v 4 No. 1
|
| 695 |
|
|
|a Mindszenty József, Egyháztörténet - Magyarország - 20. sz., Katolikus egyház - Magyarország - 20. sz., Állam és egyház - Magyarország - 1945-1946
|
| 856 |
4 |
0 |
|u http://acta.bibl.u-szeged.hu/40384/1/aetas_1988_001_028-050.pdf
|z Dokumentum-elérés
|